| 000 | 00951cam a2200217 4500 | ||
|---|---|---|---|
| 001 | WB3633-15 | ||
| 008 | 000000n2000 000 0 eng u | ||
| 035 | _a(Sirsi) u107985 | ||
| 245 | _aCrush due to London exodus | ||
| 260 | _c2000 | ||
| 490 |
_aGuardian _v 24 August 2000, 11(1) |
||
| 520 | _aJoseph Rowntree Foundation research dispels the theory that overcrowding in southern England is caused by migration from the north. An analysis of population trends shows that people leaving London between 1991 and 1998 accounted for 50% of the growth, whilst migration from the north, Scotland and Northern Ireland only came to 8%. More information can be found at: http://guardianunlimited.co.uk/northsouth and http://jrf.org.uk | ||
| 590 | _aWB | ||
| 650 | _aPOPULATION TRENDS | ||
| 650 | _aJOSEPH ROWNTREE FOUNDATION | ||
| 650 | _aMIGRATION | ||
| 650 | _aSOUTHERN ENGLAND | ||
| 650 | _aNORTHERN ENGLAND | ||
| 650 | _aLONDON | ||
| 942 | _n0 | ||
| 999 |
_c64510 _d64510 |
||